000155105 001__ 155105 000155105 005__ 20250515083540.0 000155105 037__ $$aTAZ-TFG-2023-915 000155105 041__ $$aspa 000155105 1001_ $$aVargas Escudero, María 000155105 24200 $$aMonitoring of anesthethic depth and nociception 000155105 24500 $$aMonitorización de la profundidad anestésica y nocicepción 000155105 260__ $$aZaragoza$$bUniversidad de Zaragoza$$c2023 000155105 506__ $$aby-nc-sa$$bCreative Commons$$c3.0$$uhttp://creativecommons.org/licenses/by-nc-sa/3.0/ 000155105 520__ $$aEl objetivo principal de la anestesia es permitir la realización de cirugías por medio de una analgesia, sedación profunda y relajación muscular adecuada; todo ello manteniendo un buen estado fisiológico en el paciente, por lo podemos decir que la misión es mantener al paciente en un etapa III quirúrgica. <br />En una cirugía, es de vital importancia la seguridad anestésica de la misma y un buen control de los parámetros ayuda a evitar efectos adversos que derivan de un mal manejo anestésico, estos van desde hiper/hipotensión arterial hasta la muerte, pasando por hipoxia, isquemia… Este control se obtiene mediante el uso de diferentes métodos los cuales nos ayudan a monitorizar de forma estimada al paciente durante las diferentes<br />fases de la anestesia.<br /><br /> 000155105 521__ $$aGraduado en Medicina 000155105 540__ $$aDerechos regulados por licencia Creative Commons 000155105 700__ $$aQuesada Gimeno, Natividad $$edir. 000155105 700__ $$aMuñoz Rodríguez, Luis Alfonso$$edir. 000155105 7102_ $$aUniversidad de Zaragoza$$b $$c 000155105 8560_ $$f769153@unizar.es 000155105 8564_ $$s1191435$$uhttps://zaguan.unizar.es/record/155105/files/TAZ-TFG-2023-915.pdf$$yMemoria (spa) 000155105 909CO $$ooai:zaguan.unizar.es:155105$$pdriver$$ptrabajos-fin-grado 000155105 950__ $$a 000155105 951__ $$adeposita:2025-05-15 000155105 980__ $$aTAZ$$bTFG$$cMED 000155105 999__ $$a20230529095710.CREATION_DATE